| 000 | 01030nmm a2200301 a 4500 | ||
|---|---|---|---|
| 001 | ocm0001917365 | ||
| 003 | TR-IsHL | ||
| 005 | 20201028172929.0 | ||
| 008 | 180714s2018 tu tur | ||
| 007 | cr cn | ||
| 020 | _a9786052015383 | ||
| 035 |
_a1917365 _b(N$T) |
||
| 050 | 0 | 4 |
_aP306 _b.Ç48 2018 |
| 090 | 0 | 4 |
_aP306 _b.Ç48 2018 |
| 245 | 1 | 0 |
_aÇeviribilimin paradigmaları IV : _bçeviri seçkisi _h[electronic resource] / _chazırlayan Halit Üründü, Mehmet Tahir Öncü |
| 250 | _aBirinci basım | ||
| 260 |
_aİstanbul : _bHiperlink Yayınları, _c2018 |
||
| 300 | _a196 p. | ||
| 500 |
_aKaynakça var. _x |
||
| 650 | 4 | _aDil ve Edebiyat | |
| 650 | 4 | _aLanguage and Literature | |
| 650 | 0 | _aÇeviri ve yorumlama | |
| 650 | 0 | _aTranslating and interpreting | |
| 650 | 7 |
_aLANGUAGE ARTS & DISCIPLINES / Linguistics / General _2bisacsh |
|
| 700 | 1 | _aÜründü, Halit | |
| 700 | 1 | _aÖncü, Mehmet Tahir | |
| 856 | 4 | 0 | _uhttp://search.ebscohost.com/login.aspx?direct=true&scope=site&db=e011xww&AN=1917365 |
| 999 |
_c17446 _d17446 |
||